000 00575cam a2200193 4500500
005 20260405002138.0
041 _afre
042 _adc
100 1 0 _aEnjalbert, Cédric
_eauthor
245 0 0 _aChoisir... ses amours, ses goûts, sa vocation?
260 _c2016.
500 _a75
690 _aChoix
690 _aGoût
690 _aRuwen Ogien
690 _aVocation
786 0 _nPhilosophie magazine | 97 | 3 | 2016-03-01 | p. 24-27 | 1951-1787
856 4 1 _uhttps://shs.cairn.info/magazine-philosophie-magazine-2016-3-page-24?lang=fr&redirect-ssocas=7080
999 _c2054740
_d2054740